|
|
|
|
| LEADER |
00794nab a2200241 i 4500 |
| 001 |
misc66285 |
| 005 |
20240918085404.0 |
| 008 |
230719s1949 hu o 000 eng d |
| 040 |
|
|
|a SZTE Miscellanea Repozitórium
|b hun
|
| 041 |
|
|
|a eng
|
| 100 |
1 |
|
|a Scheiber Sándor
|
| 245 |
1 |
0 |
|a Donkey-ladder
|h [elektronikus dokumentum] /
|c Scheiber Sándor
|
| 260 |
|
|
|c 1949
|
| 300 |
|
|
|a 3 p., 1 t.
|c 24 cm
|
| 490 |
0 |
|
|a Folia Ethnographica
|
| 561 |
|
|
|a Németh Gyula hagyaték
|
| 591 |
|
|
|a NOZ 5333
|
| 650 |
|
4 |
|a Társadalomtudományok
|
| 650 |
|
4 |
|a Szociológia
|
| 650 |
|
4 |
|a Bölcsészettudományok
|
| 650 |
|
4 |
|a Nyelvek és irodalom
|
| 695 |
|
|
|a Közmondáskutatás, Közmondások, Néprajz - Magyarország - 18-19. sz.
|
| 856 |
4 |
0 |
|u http://misc.bibl.u-szeged.hu/66285/1/5333_noz.pdf
|z Dokumentum-elérés
|